La mujer habitada /
Պահպանված է:
| Հիմնական հեղինակ: | |
|---|---|
| Ձևաչափ: | Գիրք |
| Լեզու: | Spanish |
| Հրապարակվել է: |
Nicaragua :
Vanguardia,
1989.
|
| Հրատարակություն: | 3. edición |
| Խորագրեր: | |
| Ցուցիչներ: |
Ավելացրեք ցուցիչ
Չկան պիտակներ, Եղեք առաջինը, ով նշում է այս գրառումը!
|
MARC
| LEADER | 00000nam a22000007a 4500 | ||
|---|---|---|---|
| 008 | 150619s1996 c |r|||| 000 f spa d | ||
| 040 | |a CIICLA | ||
| 082 | |a N863.44 |b B443m3 | ||
| 100 | 1 | |a Belli, Gioconda |d 1948- | |
| 245 | 1 | 3 | |a La mujer habitada / |c Gioconda Belli |
| 250 | |a 3. edición | ||
| 260 | 1 | |a Nicaragua : |b Vanguardia, |c 1989. | |
| 300 | |a 338 páginas | ||
| 650 | 1 | 4 | |a LITERATURA NICARAGUENSE |v NOVELA |
| 942 | |2 ddc |c BK | ||
| 999 | |c 22166 |d 22166 | ||
